Living Jewish Languages - Statistics

General Stats
  • This quiz has been taken 107 times
  • The average score is 6 of 15
Answer Stats
Total Speakers Native Speakers Answer Place(s) of Development % Correct
9 000 000 5 000 000 Modern Hebrew Israel
100%
1 000 000 600 000 Yiddish Germany
96%
200 000 51 000 Ladino Spain
72%
250 000 240 000 Judeo-Arabic Morocco, Yemen, Iraq, Egypt
54%
>273 000 273 000 Judeo-Persian Iran, Uzbekistan, Azerbaijan
52%
>250 250 Judeo-Italian Italy
46%
>100 50 Yevanic Greece, Turkey
41%
85 000 60 000 Judeo-Georgian Georgia
38%
~18 000 ~18 000 Judeo-Aramaic Iran, Iraq, Turkey
33%
<100 <100 Judeo-Malayalam India
28%
20 000 <20 000 Judeo-Marathi India
23%
>200 200 Krymchak Ukraine/Russia
14%
120 80 Karaim Ukraine/Russia
12%
<100 <100 Judeo-Papiamento Curaçao
11%
>5 200 >2 000 Kayla/Qwara Ethiopia
7%
No matching quizzes found
Score Distribution
Percent of People with Each Score
Percentile by Number Answered
Your Score History
You have not taken this quiz